Statistiques concernant Généalogie personelle d'Harry Potter

Cliquez ici pour prendre le quiz!

Statistiques générales

  • Ce quiz a été pris 83 fois
  • Le résultat moyen est 24 sur 44

Statistiques - réponses

Par rapport à Harry... Nom % Correct
...son père?James Potter
100%
...son fils?James Sirius Potter
100%
...sa mère?Lily Evans / Potter
94%
...sa fille?Lily Luna Potter
94%
...son parrain?Sirius Black
92%
...son cousin?Dudley Dursley
92%
...son beau-frère?Ronald 'Ron' Bilius Weasley
92%
...sa belle-soeur par alliance?Hermione Jean Granger / Weasley
90%
...sa tante?Pétunia Evans / Dursley
88%
...sa femme?Ginevra 'Ginny' Molly Weasley / Potter
87%
...son beau-frère?George Weasley
84%
...sa belle-mère?Molly Prewett / Weasley
82%
...sa nièce par alliance?Molly Weasley II
82%
...son neveu par alliance?Fred Weasley II
81%
...son beau-frère?Fred Weasley
81%
...son fils?Albus Severus Potter
79%
...son beau-frère?Charles 'Charlie' Weasley
78%
...son beau-frère?Perceval 'Percy' Ignatius Weasley
78%
...son beau-frère?William 'Bill' Arthur Weasley
78%
...sa belle-soeur par alliance?Fleur Isabelle Delacour / Weasley
77%
...son oncle par alliance?Vernon Dursley
77%
...son beau-père?Arthur Weasley
74%
...sa nièce par alliance?Rose Granger-Weasley
60%
...le frère de son parrain?Regulus Arcturus Black
57%
...sa tante par alliance?Marjorie 'Marge' Eileen Dursley
55%
...son neveu par alliance?Hugo Granger-Weasley
47%
...sa nièce par alliance?Victoire Weasley
38%
...la soeur de sa belle-soeur par alliance?Gabrielle Delacour
38%
...sa belle-soeur par alliance?Angelina Johnson / Weasley
34%
...sa nièce par alliance?Dominique Weasley
23%
...son neveu par alliance?Louis Weasley
21%
...le frère de sa belle-mère?Fabian Prewett
14%
...sa nièce par alliance?Lucy Weasley
14%
...le père de son parrain?Orion Black
13%
...le frère de sa belle-mère?Gideon Prewett
12%
...sa nièce par alliance?Roxanne Weasley
12%
...la mère de son parrain?Walburga Black
12%
...sa belle-soeur par alliance?Audrey Weasley
10%
...la mère de sa belle-soeur par alliance?Apolline Delacour
5%
...sa grand-mère paternel?Euphemia Potter
5%
...son grand-père paternel?Fleamont Potter
4%
...son arrière-grand-père paternel?Henry 'Harry' Potter
4%
...la mère de son beau-père?Cedrella Black / Weasley
1%
...le père de son beau-père?Septimus Weasley
1%

Distribution des résultats

Percentile by Number Answered

% des personnes avec chaque résultat

Votre développement - résultats

Vous n’avez pas pris ce quiz